Language Quiz

Random Language or World Quiz

What Language Would You Hear? Quiz Stats

 Plays Quiz Updated Jun 22, 2018

Score 0/20 Timer 03:00
8 Plays Today
Question Answer Wrong Answers
Eiffel Tower French
97.1%
Icelandic
0.1%
Japanese
0.1%
Romansch
0.1%
Parthenon Greek
96.4%
Albanian
0.3%
Armenian
0.4%
Ukrainian
0.3%
Taj Mahal Hindi
95.5%
Japanese
0.2%
Khmer
0.8%
Malay
0.9%
Pyramids at Giza Arabic
94.6%
Afrikaans
1.8%
Mandarin
0.2%
Turkish
0.7%
St. Basil's Cathedral Russian
94.3%
Spanish
0.3%
Arabic
1.9%
Polish
0.9%
Colosseum Italian
91.5%
Spanish
0.4%
Portuguese
0.2%
Greek
5.4%
Christ the Redeemer Portuguese
90.4%
Gaelic
0.3%
Latin
1%
Spanish
5.6%
CN Tower English
86.1%
Italian
1.1%
Portuguese
3.1%
Hebrew
6.9%
Gyeongbokgung Korean
85.8%
Russian
0.7%
Spanish
0.3%
Javanese
10.6%
Brandenburg Gate German
81.8%
Italian
10.6%
Swedish
2.6%
English
2.2%
Machu Picchu Spanish
80.5%
Portuguese
8.2%
Flemish
1.9%
Tagalog
6.6%
Hagia Sophia Turkish
78.1%
Arabic
11.6%
Greek
2.1%
Serbian
5.4%
Shwedagon Pagoda Burmese
69.1%
Javanese
19.7%
Japanese
4.8%
Slovakian
3.5%
Angkor Wat Khmer
61.3%
Vietnamese
19%
Tagalog
5.9%
Laotian
10.8%
Bran Castle Romanian
58.8%
Bulgarian
10.3%
Croatian
10.3%
Czech
17.9%
Tokyo Tower Japanese
57.5%
Javanese
12.3%
Hebrew
8.7%
English
18.6%
Spring Temple Buddha Mandarin
51.6%
Persian
3.8%
Tagalog
14.5%
Bengali
27.2%
Prague Castle Czech
47.6%
Hungarian
16.4%
Latvian
7.3%
German
25.6%
Azadi Tower Persian
47%
Arabic
29.5%
Russian
8.4%
Cantonese
12.2%
Gates of Hell Turkmen
27.9%
Tajik
20%
Uzbek
30.5%
English
18.6%

You're not logged in!

Compare scores with friends on all Sporcle quizzes.
OR
Log In

Sporcle TV

Today on Sporcle TV


Watch our educational content, quiz creation guides, and fun videos on Sporcle TV.

Show Comments

Extras

Top Quizzes Today


Score Distribution

Your Account Isn't Verified!

In order to create a playlist on Sporcle, you need to verify the email address you used during registration. Go to your Sporcle Settings to finish the process.

Report this User

Report this user for behavior that violates our Community Guidelines.

Details: